Other Countries Than The USA That Get Tornadoes - Statistics

General Stats
  • This quiz has been taken 85 times
  • The average score is 7 of 10
Answer Stats
Strongest Tornado Annual Tornadoes Answer % Correct
F5 100 Canada
94%
F4 108 China
90%
F4 76 Russia
88%
F4 35 United Kingdom
78%
F5 20 Germany
75%
F3 23 Japan
75%
F5 60 Australia
74%
F5 32 Italy
59%
F4 14 Poland
49%
F3 15 New Zealand
44%
No matching quizzes found
Score Distribution
Percent of People with Each Score
Percentile by Number Answered
Your Score History
You have not taken this quiz